Statistics for First Names of English Comedians

Click here to take the quiz!

General Stats

  • This quiz has been taken 228 times
    (89 since last reset)
  • The average score is 26 of 40

Answer Stats

SurnameFirst Name% Correct
CleeseJohn
97%
GervaisRicky
94%
IzzardEddie
92%
Baron CohenSacha
86%
FrenchDawn
85%
FryStephen
85%
ChaplinCharlie
82%
WalliamsDavid
82%
McIntyreMichael
82%
MackLee
80%
PeggSimon
78%
VegasJohnny
77%
BrydonRob
77%
SaundersJennifer
75%
BaileyBill
73%
LucasMatt
73%
WhitehallJack
72%
BaddielDavid
71%
MitchellDavid
71%
BrandJo
71%
NortonGraham
67%
PerkinsSue
67%
DeeJack
66%
HillBenny / Harry
65%
CarrotJasper
62%
EvansLee
59%
GilbertRhod
59%
FieldingNoel
57%
AyoadeRichard
57%
EltonBen
54%
Ò BrianDara
54%
VineTim
53%
HartMiranda
48%
JuppMiles
47%
SinhaPaul
46%
DennisHugh
44%
MurrayAl
38%
AddisonChris
29%
OshoAndi
23%
JonesMilton
14%

Score Distribution

Percentile by Number Answered

Percent of People with Each Score

Your Score History

You have not taken this quiz since the last reset